| 000 -LEADER |
| fixed length control field |
00557nam a2200193Ia 4500 |
| 001 - CONTROL NUMBER |
| control field |
5445 |
| 003 - CONTROL NUMBER IDENTIFIER |
| control field |
GE_BSU |
| 008 - FIXED-LENGTH DATA ELEMENTS--GENERAL INFORMATION |
| fixed length control field |
181216s||||||||xx |||||||||||||| ||und|| |
| 040 ## - CATALOGING SOURCE |
| Transcribing agency |
GE_BSU |
| 080 ## - UNIVERSAL DECIMAL CLASSIFICATION NUMBER |
| Universal Decimal Classification number |
512.53+519.17 |
| 245 ## - TITLE STATEMENT |
| Title |
Полные полугруппы бинарных отношений. |
| 245 ## - TITLE STATEMENT |
| Statement of responsibility, etc. |
Ред. Р.Ш. Оманаадзе. |
| 260 ## - PUBLICATION, DISTRIBUTION, ETC. |
| Place of publication, distribution, etc. |
Батуми |
| 260 ## - PUBLICATION, DISTRIBUTION, ETC. |
| Name of publisher, distributor, etc. |
Аджара |
| 260 ## - PUBLICATION, DISTRIBUTION, ETC. |
| Date of publication, distribution, etc. |
2000 |
| 300 ## - PHYSICAL DESCRIPTION |
| Extent |
177с. 22см |
| 653 ## - INDEX TERM--UNCONTROLLED |
| Uncontrolled term |
Полные полугруппы бинарных отношений |
| 942 ## - ADDED ENTRY ELEMENTS (KOHA) |
| Koha item type |
წიგნი |